MARC

LEADER 00000nam0a2200000 4500
001 370886
005 20231102012326.0
035 |a (RuTPU)RU\TPU\retro\28295 
035 |a RU\TPU\retro\28294 
090 |a 370886 
100 |a 20220812d1960 k y0rusy50 ca 
101 0 |a rus 
102 |a RU 
105 |a a z 001zy 
200 1 |a Геология свинцово-цинковых месторождений Приморья  |f Е. А. Радкевич, Г. М. Лобанова, И. Н. Томсон [и др.]  |g Академия наук СССР (АН СССР), Институт геологии рудных месторождений, петрографии, минералогии и геохимии (ИГЕМ) ; отв. ред. Е. А. Радкевич 
210 |a Москва  |c Изд-во АН СССР  |d 1960 
215 |a 328 с.  |c ил. 
225 1 |a Труды института геологии рудных месторождений, петрографии, минералогии и геохимии  |v Вып. 34 
320 |a Библиогр. в конце ст. 
606 1 |a Свинцово-цинковые месторождения  |x Происхождение  |2 stltpush  |3 (RuTPU)RU\TPU\subj\54218  |9 72376 
610 1 |a геология 
610 1 |a Приморье 
610 1 |a месторождения 
610 1 |a эффузивы 
610 1 |a известняки 
610 1 |a песчаники 
610 1 |a сланцы 
610 1 |a поиски 
675 |a 553.44  |v 4 
701 1 |a Радкевич  |b Е. А. 
701 1 |a Лобанова  |b Г. М. 
701 1 |a Томсон  |b И. Н. 
701 1 |a Бородаев  |b Ю. С. 
701 1 |a Мозгова  |b Н. Н. 
701 1 |a Хетчиков  |b Л. Н. 
701 1 |a Александров  |b А. И. 
701 1 |a Соляников  |b В. П. 
701 1 |a Смирнов  |b С. И. 
702 1 |a Радкевич  |b Е. А.  |4 340 
712 0 2 |a Академия наук СССР (АН СССР)  |b Институт геологии рудных месторождений, петрографии, минералогии и геохимии (ИГЕМ)  |c (Москва)  |2 stltpush  |3 (RuTPU)RU\TPU\col\11398 
801 1 |a RU  |b 63413507  |c 20150615 
801 2 |a RU  |b 63413507  |c 20220812  |g RCR 
942 |c BK